Library Banner

A short history of the Ismailis (Record no. 73746)

MARC details
000 -LEADER
fixed length control field 00454nam a22001577a 4500
005 - DATE AND TIME OF LATEST TRANSACTION
control field 20150811110330.0
008 - FIXED-LENGTH DATA ELEMENTS--GENERAL INFORMATION
fixed length control field 150811b xxu||||| |||| 00| 0 eng d
020 ## - INTERNATIONAL STANDARD BOOK NUMBER
International Standard Book Number 078609040
040 ## - CATALOGING SOURCE
Transcribing agency PK-LaUMT
082 ## - DEWEY DECIMAL CLASSIFICATION NUMBER
Classification number KHC 297.822
Item number FAR-S
100 ## - MAIN ENTRY--PERSONAL NAME
Personal name Farhad Daftary
245 ## - TITLE STATEMENT
Title A short history of the Ismailis
Remainder of title traditions of a Muslim community
Statement of responsibility, etc Farhad Daftary
260 ## - PUBLICATION, DISTRIBUTION, ETC. (IMPRINT)
Place of publication, distribution, etc Cambridge
Name of publisher, distributor, etc Edinburgh university press
Date of publication, distribution, etc 1998
300 ## - PHYSICAL DESCRIPTION
Extent 248 p.
942 ## - ADDED ENTRY ELEMENTS (KOHA)
Koha item type Books
Holdings
Withdrawn status Lost status Damaged status Home library Current library Date acquired Full call number Barcode Date last seen Price effective from Koha item type
      UMT Main Campus UMT Main Campus 2015-08-11 KHC 297.822 FAR-S 68550 2018-12-24 2015-08-11 Books